000 00925nam a2200217 i 4500
001 146985
003 ES-MaACL
005 20240524062959.0
007 t|
008 070920s1957 sp ||||1| spa d
080 _a891.7-3"18"
100 1 _aTurguenev, Ivan Sergueevich,
_d1818-1883
_9133416
245 1 0 _aObras escogidas /
_cIvan Serguievich Turgueniev ; versión directa del ruso, prólogo y notas de R. Cansinos Asséns.
250 _a[2ª ed.].
260 _aMadrid :
_bAguilar,
_c1957.
300 _a1394 p. :
_bil. ;
_c14 cm.
500 _aRetrato del autor.
505 8 _aContiene: Prólogo. [Iván S. Turgueniev (1818-1883) por R. Cansinos Asséns]. -- Rudin. Novela.-- Nido de nobles. Novela.-- Padres e hijos. Novela.-- Aguas de Primavera. Novela.-- Memorias de un cazador.-- Un mes en la aldea. Comedia en cinco actos.
852 _aES-MaACL
_jC-8077
_bR.40763
999 _c146985
_d146985